Responses for Show #5964 - Thursday, July 15, 2010

Contestants

[<< previous game]

Bryn Reinecke, a chemist from West Columbia, South Carolina

Neal Eggeson, a professor of law from Fishers, Indiana

Van Lane, an ATM support technician from Denver, Colorado (whose 2-day cash winnings total $45,011)

[next game >>]

Jeopardy! Round responses

POP MUSIC
VAMPIRE WEEKEND
"FOO" FIGHTERS
ALL-AMERICAN REJECTS
LADY GAGA
JONAH'S DRUTHERS
    $200 18
"Lucy In The Sky With Diamonds"

Van
    $200 4
vampire bats

Bryn
    $200 12
(Bryn: What is the sasquatch?)

Bigfoot

NealBryn
    $200 1
(Bryn: Who is Joe Biden?)

(Barack) Obama

VanBryn
    $200 3
The End of the Affair

Triple Stumper
    $200 10
lots

Bryn
    $400 25
The Doors

Bryn
    $400 5
the Count

Bryn
    $400 13
food stamps

Bryn
    $400 2
Geraldo Rivera

Neal
    $400 11
Anna Karenina

Neal
    $400 23
a fish

Bryn
    $600 26
(Van: Who is Beyoncé?)
(Alex: No. Neal or Bryn?
"Unforgettable" was a hit song for her father Nat King Cole. We're talking about [*] here.)

Natalie Cole

Van
Triple Stumper
    $600 6
Romania

Van
    $600 14
foosball

Van
    $600 7
Kevin Smith

Bryn
    $600 20
Stella

Bryn
    $600 24
a prophet

Neal
    $800 28
(Neal: What is "Speed Of Sound"?)

"Viva La Vida"

NealBryn
    $800 17
being invited in

Neal
    $800 15
a flatfoot

Van
    $800 8
Benedict Arnold

Van
    $800 21
(Bryn: Who is Isabel Archer?)

The Portrait of a Lady

Bryn
Triple Stumper
    $800 27
(Van: What is remorse?)

repent

VanNeal
    $1000 29
Supertramp

Triple Stumper
    $2,700 19
(Alex: [*], crucifixes. Yes, indeed. Vampires don't like 'em.)

crosses

Van
    $1000 16
(Alex: And the "foo" this time comes up in [*]--Tom Brokaw.)

tomfoolery

Triple Stumper
    $1000 9
GM

Van
    $1000 22
Julie

Bryn
    $1000 30
Nineveh

Bryn

Scores at the first commercial break (after clue 16):

Van Neal Bryn
$4,000 $1,000 $1,400

Scores at the end of the Jeopardy! Round:

Van Neal Bryn
$5,500 $2,400 $4,800

Double Jeopardy! Round responses

SCIENCE & NATURE
OSCAR IN THEIR FILM DEBUTS
IN WHICH CANADIAN PROVINCE?
MEASURE THIS, TREBEK!
FLYBOYS
50-POINT SCRABBLE WORDS
(Alex: You have to give us the word that uses all the tiles to come up with 50 points.)
    $400 2
botany

Bryn
    $400 17
Julie Andrews

Bryn
    $400 4
British Columbia

Van
    $400 1
eggs

Bryn
    $400 9
a flying ace

Bryn
    $800 3
green

Van
    $800 18
(Van: Who is Jodie Foster?)

Tatum O'Neal

VanBryn
    $800 5
Ontario

Van
    $800 22
the second

Van
    $800 13
(John) Glenn

Van
    $1200 10
steel

Bryn
    $1200 19
(Neal: Who is Matlin?)

Anna Paquin

VanNeal
    $1200 6
Nova Scotia

Van
    $1200 23
(Neal: What is the longitude?)

the altitude of the sun

Neal
Triple Stumper
    $1200 14
Sopwith

Van
    $1200 28
[The end-of-round signal sounds.]

gimmick

Triple Stumper
    $1600 11
radiation

Bryn
    $1600 20
(Alex: Neal, now was the time to ring in with [*].)

Marlee Matlin

Triple Stumper
    $1600 7
Alberta

Van
    $1600 27
salinity

Van
    $3,000 15
(William E.) Boeing

Van
    $2,000 24
confine

Van
    $2000 12
the Anopheles mosquito

Triple Stumper
    $2000 21
Eva Marie Saint

Triple Stumper
    $2000 8
[Applause for Van's run of the category]

Quebec

Van
    $2000 25
a hogshead

Van
    $2000 16
Pappy Boyington

Triple Stumper
    $2000 26
sorghum

Bryn

Scores at the end of the Double Jeopardy! Round:

Van Neal Bryn
$24,100 $0 $12,000
(lock game)

[wagering suggestions for these scores]

Final Jeopardy! Round responses

FAMOUS TEXTS
BrynWhat is the Kama Sutra?
$0
VanWhat is the Kama Sutra?
$17
the Kama Sutra

Final scores:

Van Neal Bryn
$24,117 $0 $12,000
3-day champion: $69,128 3rd place: $1,000 2nd place: $2,000

Game dynamics:

Coryat scores:

Van Neal Bryn
$20,600 $0 $12,000
22 R
(including 3 DDs),
3 W
6 R,
3 W
19 R,
3 W

Combined Coryat: $32,600

[game clues] [game scores] [suggest correction]

Game tape date: 2010-03-09
The J! Archive is created by fans, for fans. Scraping, republication, monetization, and malicious use prohibited; this site may use cookies and collect identifying information. See terms. The Jeopardy! game show and all elements thereof, including but not limited to copyright and trademark thereto, are the property of Jeopardy Productions, Inc. and are protected under law. This website is not affiliated with, sponsored by, or operated by Jeopardy Productions, Inc. Join the discussion at JBoard.tv.